Geodézia 2 : pre 3. a 4. ročník SPŠ

Enregistré dans:
Détails bibliographiques
Auteurs principaux: Mašín, Z. (Auteur), Císař, J (Auteur), Jungman, V. (Auteur)
Format: Livre
Langue:slovaque
Publié: Bratislava : Alfa, 1984
Édition:Prel. z češtiny
Tags: Ajouter un tag
Pas de tags, Soyez le premier à ajouter un tag!

MARC

LEADER 00000nam a22000003a 4500
001 stu142151
005 20150617225926.4
008 070606s1984----xo------------------slo-d
040 |a STU  |b slo 
041 0 |a slo 
044 |a xo 
080 |a 526.9 
100 1 |a Mašín, Z.  |4 aut 
245 1 |a Geodézia 2 :  |b pre 3. a 4. ročník SPŠ 
250 |a Prel. z češtiny 
260 |a Bratislava :  |b Alfa,  |c 1984 
300 |a 398 s 
700 1 |a Císař, J  |4 aut 
700 1 |a Jungman, V.  |4 aut 
996 |c V*27304/O-11525  |l VV4  |s P  |a 0  |w stu142151_0001